The nature of culture / (Record no. 11158)
[ view plain ]
| 000 -LEADER | |
|---|---|
| fixed length control field | 00818nam a2200277 a 4500 |
| 001 - CONTROL NUMBER | |
| control field | 11158 |
| 003 - CONTROL NUMBER IDENTIFIER | |
| rucl marc code | BD-RjUL |
| 005 - DATE AND TIME OF LATEST TRANSACTION | |
| control field | 20211208235059.0 |
| 008 - FIXED-LENGTH DATA ELEMENTS--GENERAL INFORMATION | |
| fixed length control field | 140126s1952 ilua b 001 0 eng |
| 020 ## - INTERNATIONAL STANDARD BOOK NUMBER | |
| International Standard Book Number | 0226454258 (pbk.) |
| 035 ## - SYSTEM CONTROL NUMBER | |
| System control number | (BD-RjUL)11207 |
| 040 ## - CATALOGING SOURCE | |
| Original cataloging agency | DLC |
| Transcribing agency | DLC |
| Modifying agency | DLC |
| -- | BD-RjUL |
| Language of cataloging | eng |
| 041 ## - LANGUAGE CODE | |
| Language code of text/sound track or separate title | eng |
| 082 00 - DEWEY DECIMAL CLASSIFICATION NUMBER | |
| Classification number | 306 |
| Edition number | 19 |
| Author mark and year | KRN |
| 100 1# - MAIN ENTRY--PERSONAL NAME | |
| Personal name | Kroeber, A. L. |
| Fuller form of name | (Alfred Louis), |
| Dates associated with a name | 1876-1960. |
| 9 (RLIN) | 34515 |
| 245 14 - TITLE STATEMENT | |
| Title | The nature of culture / |
| Statement of responsibility, etc. | by A.L. Kroeber. |
| 260 ## - PUBLICATION, DISTRIBUTION, ETC. (IMPRINT) | |
| Place of publication, distribution, etc. | Chicago : |
| Name of publisher, distributor, etc. | University of Chicago Press, |
| Date of publication, distribution, etc. | c1952. |
| 300 ## - PHYSICAL DESCRIPTION | |
| Pagination | x, 437 p. : |
| Illustrations | ill. ; |
| Size | 23 cm. |
| 490 1# - SERIES STATEMENT | |
| Series statement | Midway reprint |
| 504 ## - BIBLIOGRAPHY, ETC. NOTE | |
| Bibliography, etc | Includes Bibliography: p. 419-426 and index. |
| 650 #0 - SUBJECT ADDED ENTRY--TOPICAL TERM | |
| Topical term or geographic name as entry element | Culture |
| 9 (RLIN) | 34516 |
| Topical term or geographic name as entry element | Ethnology |
| 9 (RLIN) | 34517 |
| 830 #0 - SERIES ADDED ENTRY--UNIFORM TITLE | |
| Uniform title | Midway reprints. |
| 942 ## - ADDED ENTRY ELEMENTS (KOHA) | |
| Source of classification or shelving scheme | Dewey Decimal Classification |
| Koha item type | Books |
| Lost status | Source of classification or shelving scheme | Damaged status | Not for loan | Collection code | Permanent Location | Current Location | Shelving location | Date acquired | Source of acquisition | Cost, normal purchase price | Total Checkouts | Full call number | Date last seen | Copy number | Koha item type |
|---|---|---|---|---|---|---|---|---|---|---|---|---|---|---|---|
| Dewey Decimal Classification | Non-fiction | Central Library, University of Rajshahi | Central Library, University of Rajshahi | 11/11/1968 | Zeitlinger | 90.00 | 306 KRN 1952 | 26/01/2014 | C-3 | Books | |||||
| Dewey Decimal Classification | Non-fiction | Central Library, University of Rajshahi | Central Library, University of Rajshahi | 11/06/1969 | Zeitlenger | 90.00 | 306 KRN 1965 | 26/01/2014 | C-5 | Books | |||||
| Dewey Decimal Classification | Not For Loan | Non-fiction | Central Library, University of Rajshahi | Central Library, University of Rajshahi | Reading Room | 11/11/1968 | Zeitlinger | 90.00 | 306 KRN 1965 | 17/04/2017 | C-1 | Books | |||
| Dewey Decimal Classification | Non-fiction | Central Library, University of Rajshahi | Central Library, University of Rajshahi | 11/11/1968 | Zeetlinger | 90.00 | 306 KRN 1965 | 21/05/2017 | C-2 | Books | |||||
| Dewey Decimal Classification | Non-fiction | Central Library, University of Rajshahi | Central Library, University of Rajshahi | 28/11/1973 | U.S.govt. | 306 KRN 1972 | 21/05/2017 | C-4 | Books | ||||||
| Dewey Decimal Classification | Non-fiction | Central Library, University of Rajshahi | Central Library, University of Rajshahi | 11/11/1968 | Zeitlinger | 90.00 | 306 KRN | 21/10/2018 | C-6 | Books |